-
PARADKAR, DR. A. R. , GOKHALE S.B AND BAPAT Mrs. B.A
Entry Personal Name
Number of records used in: 1
001 - CONTROL NUMBER
003 - CONTROL NUMBER IDENTIFIER
005 - DATE AND TIME OF LATEST TRANSACTION
- control field:
20240108131540.0
008 - FIXED-LENGTH DATA ELEMENTS
- fixed length control field:
240108|| aca||aabn | a|a d
040 ## - CATALOGING SOURCE
- Original cataloging agency:
JRU
- Transcribing agency:
JRU
100 ## - HEADING--PERSONAL NAME
- Personal name:
PARADKAR, DR. A. R. , GOKHALE S.B AND BAPAT Mrs. B.A
670 ## - SOURCE DATA FOUND
- Source citation:
Work cat.: (JRU)5948: PARADKAR, DR. A. R. , GOKHALE S.B AND BAPAT Mrs. B.A, PRACTICAL HOSPITAL AND CLINICAL PHARMACY